Normal view
MARC view
- Punjab University Lahore, Pakistan
Entry Corporate Name
001 - CONTROL NUMBER
- control field: 3579
003 - CONTROL NUMBER IDENTIFIER
- control field: NUST
005 - DATE AND TIME OF LATEST TRANSACTION
- control field: 20170726122437.0
008 - FIXED-LENGTH DATA ELEMENTS
- fixed length control field: 170726|| aca||aabn | a|a d
040 ## - CATALOGING SOURCE
- Original cataloging agency: NUST
- Transcribing agency: NUST
110 ## - HEADING--CORPORATE NAME
- Corporate name or jurisdiction name as entry element: Punjab University Lahore, Pakistan
670 ## - SOURCE DATA FOUND
- Source citation: Work cat.: (NUST)0: 880-01 Ahmad, Shafique. 3577, Janobi Asia ki muntakhib Urdū shairi, 2012.
